| 000 | 00669cab a2200217 4500 | ||
|---|---|---|---|
| 001 | WB3032-66 | ||
| 008 | 090401t1994 xxu||||| |||| 00| 0 eng d | ||
| 035 | _a(Sirsi) u37030 | ||
| 041 | _aeng | ||
| 245 | _aHong Kong tycoons face property probe | ||
| 260 | _c1994 | ||
| 350 | _a0 | ||
| 490 |
_aFinancial Times _v20 August 1994, 4(1) |
||
| 520 | _aDiscusses complaints following a land auction in Hong Kong on 26 May at which developers are alleged to have colluded to secure two properties at bargain prices. | ||
| 650 | _aCORRUPTION | ||
| 650 | _aFRAUD | ||
| 650 | _aHONG KONG | ||
| 690 | _aOVERSEAS-REST OF THE WORLD | ||
| 942 | _n0 | ||
| 948 | _c04/03/1997 | ||
| 999 |
_c23964 _d23964 |
||